[Event "Fredericia Chess Kandidat 2016"]
[Site "Erritso"]
[Date "2016.05.06"]
[Round "1"]
[White "Andersen, Lars Ren"]
[Black "Kjaergaard Jensen, Jesper"]
[Result "1-0"]
[WhiteElo "2191"]
[BlackElo "2086"]
[PlyCount "68"]
[EventDate "2016.??.??"]



1. c4 f5 2. g3 Nf6 3. Bg2 e6 4. e3 c6 5. Nc3 d5 6. b3 Nbd7 7. cxd5 exd5 8. Nge2
Nc5 9. Qc2 Bd6 10. O-O Qe7 11. Bb2 O-O 12. d3 Ne6 13. Rae1 Qf7 14. Na4 Qh5 15.
Nf4 Qf7 16. a3 Bd7 17. b4 Rae8 18. Nxe6 Bxe6 19. Nc5 Bc8 20. Bd4 Nh5 21. f4 b6
22. Nb3 Bb7 23. Nd2 Nf6 24. Nf3 Nd7 25. e4 c5 26. Bc3 dxe4 27. Ng5 Qg6 28. dxe4
fxe4 29. Nxe4 Be7 30. Qa4 Bc6 31. b5 Ba8 32. Qxa7 Nf6 33. Qxb6 Bd5 34. Nxf6+
Bxf6 1-0

[Event "Fredericia Chess Kandidat 2016"]
[Site "Erritso"]
[Date "2016.05.06"]
[Round "1"]
[White "Rossen, Claus"]
[Black "Jensen, Jacob Bjerre"]
[Result "1-0"]
[WhiteElo "2164"]
[BlackElo "2178"]
[PlyCount "45"]
[EventDate "2016.??.??"]



1. e4 e6 2. d4 d5 3. Nc3 Bb4 4. a3 Bxc3+ 5. bxc3 dxe4 6. Qg4 Nf6 7. Qxg7 Rg8 8.
Qh6 Nbd7 9. Bb2 Nb6 10. O-O-O Rg6 11. Qe3 Qd5 12. Qe2 Bd7 13. c4 Qf5 14. f3 Na4
15. Qd2 Nxb2 16. Kxb2 Bc6 17. h3 exf3 18. d5 Qe5+ 19. c3 Ne4 20. Nxf3 Qf6 21.
Qc2 Ng3 22. dxc6 Nxh1 23. cxb7 1-0

[Event "Fredericia Chess Kandidat 2016"]
[Site "Erritso"]
[Date "2016.05.06"]
[Round "1"]
[White "Jensen, Thore Nyboe"]
[Black "Sorensen, Torben Kyhl"]
[Result "1/2-1/2"]
[WhiteElo "2058"]
[BlackElo "2176"]
[PlyCount "127"]
[EventDate "2016.??.??"]



1. e4 c5 2. c3 d5 3. exd5 Qxd5 4. d4 cxd4 5. cxd4 Nc6 6. Nf3 Bg4 7. Be2 e6 8.
O-O Nf6 9. Bf4 Be7 10. Nc3 Qf5 11. Bg3 O-O 12. h3 Bh5 13. Ne5 Bxe2 14. Nxc6
bxc6 15. Qxe2 c5 16. Rfd1 cxd4 17. Rxd4 Bc5 18. Rc4 Rac8 19. b3 Bb6 20. Na4 Nh5
21. Bd6 Rxc4 22. bxc4 Rc8 23. Nxb6 axb6 24. Rc1 Nf6 25. Qe3 Nd7 26. Bb4 h6 27.
Qd4 e5 28. Qd6 e4 29. Bd2 Ra8 30. g4 Qe6 31. Qxe6 fxe6 32. Rc2 Rc8 33. Be3 Kf7
34. Kg2 Ke7 35. Kg3 e5 36. h4 Kd6 37. h5 Kc6 38. Kh4 Nc5 39. g5 hxg5+ 40. Kxg5
Rf8 41. Bxc5 Kxc5 42. Kg6 Rh8 43. Rd2 Kxc4 44. Rd7 Rh6+ 45. Kf5 e3 46. fxe3
Rxh5+ 47. Ke4 Rg5 48. Rc7+ Kb4 49. Kd5 Rg2 50. Ra7 g5 51. Kxe5 b5 52. e4 g4 53.
Kf4 g3 54. Rg7 Rxa2 55. Kxg3 Kc4 56. Kf4 b4 57. Rc7+ Kd4 58. Rd7+ Kc5 59. Rb7
Rf2+ 60. Kg5 Kc4 61. e5 b3 62. e6 b2 63. e7 Re2 64. Rd7 1/2-1/2

[Event "Fredericia Chess Kandidat 2016"]
[Site "Erritso"]
[Date "2016.05.06"]
[Round "1"]
[White "Dalsberg, Sandra de Blecourt"]
[Black "Thogersen, Rasmus"]
[Result "1/2-1/2"]
[WhiteElo "2096"]
[BlackElo "2205"]
[PlyCount "52"]
[EventDate "2016.??.??"]



1. d4 Nf6 2. c4 g6 3. Nc3 Bg7 4. e4 d6 5. Bd3 O-O 6. Nge2 Nc6 7. O-O Nh5 8. Bc2
e5 9. d5 Ne7 10. Bg5 f6 11. Bd2 f5 12. exf5 gxf5 13. Ng3 Nxg3 14. fxg3 Ng6 15.
Qh5 e4 16. Rae1 Ne5 17. Bg5 Qd7 18. Nxe4 Nxc4 19. Nf6+ Bxf6 20. Bxf6 Rxf6 21.
Re8+ Kg7 22. Bxf5 Rxf5 23. Rxf5 Qxf5 24. Re7+ Kg8 25. Re8+ Kg7 26. Re7+ Kg8
1/2-1/2

[Event "Fredericia Chess Kandidat 2016"]
[Site "Erritso"]
[Date "2016.05.06"]
[Round "1"]
[White "Rewitz, Poul"]
[Black "Wilton, Lars"]
[Result "1-0"]
[WhiteElo "2174"]
[BlackElo "2110"]
[PlyCount "73"]
[EventDate "2016.??.??"]



1. g3 d5 2. Bg2 Nf6 3. f4 c6 4. Nf3 g6 5. O-O Bg7 6. c3 O-O 7. d3 Nbd7 8. Na3
a5 9. Nc2 a4 10. Kh1 Nc5 11. Be3 Ra5 12. Qe1 Re8 13. h3 Ncd7 14. Qf2 c5 15. g4
h5 16. g5 Nh7 17. Ne5 Nxe5 18. fxe5 Be6 19. Bxc5 Rxc5 20. Qxc5 Nxg5 21. Qe3 Nh7
22. Nd4 Qd7 23. Nxe6 Qxe6 24. d4 f5 25. Qf3 Rd8 26. h4 Qd7 27. e3 e6 28. b3 Rc8
29. c4 dxc4 30. bxc4 Rxc4 31. Rfc1 Rc7 32. Rab1 Rxc1+ 33. Rxc1 Bf8 34. Qg3 Kg7
35. Bf3 Kf7 36. Rg1 g5 37. hxg5 1-0

[Event "Fredericia Chess Kandidat 2016"]
[Site "Erritso"]
[Date "2016.05.06"]
[Round "1"]
[White "Wilbrandt, Simon Pil"]
[Black "Schuette, Andreas"]
[Result "1-0"]
[WhiteElo "2108"]
[BlackElo "2170"]
[PlyCount "69"]
[EventDate "2016.??.??"]



1. d4 d5 2. c4 Nc6 3. cxd5 Qxd5 4. e3 e5 5. Nc3 Bb4 6. Bd2 Bxc3 7. Bxc3 exd4 8.
Ne2 Nf6 9. Nxd4 O-O 10. Nb5 Qg5 11. h4 Qh6 12. Nxc7 Bg4 13. Qa4 Rad8 14. Bb5
Rc8 15. Bxc6 Rxc7 16. Bb5 a6 17. Bd3 Bc8 18. Rd1 Rc6 19. Be2 Re8 20. O-O b5 21.
Qd4 Rce6 22. Bf3 Qg6 23. Qf4 h6 24. Rd4 Ne4 25. h5 Qh7 26. Bb4 Nf6 27. Rfd1 Qc2
28. R4d2 Qh7 29. Qc7 Qf5 30. Bc6 Rxc6 31. Qxc6 Be6 32. Bc3 Rc8 33. Rd8+ Rxd8
34. Rxd8+ Kh7 35. Bxf6 1-0

[Event "Fredericia Chess Kandidat 2016"]
[Site "Erritso"]
[Date "2016.05.07"]
[Round "2"]
[White "Rossen, Claus"]
[Black "Andersen, Lars Ren"]
[Result "0-1"]
[WhiteElo "2164"]
[BlackElo "2191"]
[PlyCount "94"]
[EventDate "2016.??.??"]



1. d4 d5 2. Nf3 c6 3. c4 Nf6 4. g3 a6 5. Bg2 Bf5 6. O-O e6 7. a4 Nbd7 8. Qb3
Ra7 9. Bg5 h6 10. Bxf6 Nxf6 11. Nbd2 Be7 12. a5 O-O 13. Ne5 Bd6 14. Qc3 Qe7 15.
c5 Bc7 16. Rfe1 Raa8 17. e4 dxe4 18. Nxe4 Nxe4 19. Bxe4 Bxe4 20. Rxe4 Rad8 21.
f4 Rd5 22. Nc4 Qf6 23. Rae1 Rfd8 24. Ne3 R5d7 25. Ng4 Qf5 26. Ne5 Rd5 27. g4
Qf6 28. Rf1 Qh4 29. f5 Bxe5 30. dxe5 Rd2 31. Qg3 Qxg3+ 32. hxg3 Rxb2 33. fxe6
fxe6 34. Ref4 Rd5 35. Rf8+ Kh7 36. Re8 Rxe5 37. Re7 Rxc5 38. Rf2 Rxf2 39. Kxf2
Rb5 40. Kf3 Kg8 41. g5 hxg5 42. Kg4 Kf8 43. Rc7 g6 44. Rh7 Ke8 45. Rg7 Kd8 46.
Rxg6 Rxa5 47. Rxe6 Rd5 0-1

[Event "Fredericia Chess Kandidat 2016"]
[Site "Erritso"]
[Date "2016.05.07"]
[Round "2"]
[White "Wilbrandt, Simon Pil"]
[Black "Rewitz, Poul"]
[Result "1-0"]
[WhiteElo "2108"]
[BlackElo "2174"]
[PlyCount "97"]
[EventDate "2016.??.??"]



1. d4 g6 2. e4 c6 3. c4 d5 4. e5 Bg7 5. Nc3 Nh6 6. Bf4 Nf5 7. Nf3 h5 8. Qd2 Na6
9. cxd5 cxd5 10. Bb5+ Bd7 11. Bxa6 bxa6 12. Nxd5 Bc6 13. Ne3 Qd7 14. O-O Rd8
15. Nxf5 Qxf5 16. Qe3 h4 17. Ng5 Rh5 18. Nh3 Qd7 19. Rfd1 Qb7 20. f3 Qxb2 21.
a3 Qb5 22. Rdc1 Bd7 23. Rab1 Qd5 24. Nf2 Bf5 25. Rb4 a5 26. Ra4 Qb5 27. Rac4
Be6 28. Rc7 Qb6 29. R7c5 Qb2 30. R5c3 a4 31. Nd3 Qb6 32. Nc5 Bb3 33. Qf2 Bd5
34. Nxa4 Qb7 35. Nc5 Qb6 36. Be3 f6 37. Nd3 Bh6 38. exf6 Qxf6 39. Bxh6 Rxh6 40.
h3 Rh5 41. Ne5 Rf5 42. Rc8 Bb7 43. Rxd8+ Kxd8 44. Qa2 Rxe5 45. dxe5 Qxe5 46.
Qg8+ Kd7 47. Rd1+ Kc7 48. Qd8+ Kc6 49. Qd7+ 1-0

[Event "Fredericia Chess Kandidat 2016"]
[Site "Erritso"]
[Date "2016.05.07"]
[Round "2"]
[White "Sorensen, Torben Kyhl"]
[Black "Thogersen, Rasmus"]
[Result "1/2-1/2"]
[WhiteElo "2176"]
[BlackElo "2205"]
[PlyCount "164"]
[EventDate "2016.??.??"]



1. e4 c5 2. c3 Nf6 3. e5 Nd5 4. d4 cxd4 5. Nf3 Nc6 6. cxd4 d6 7. Bc4 e6 8. O-O
Be7 9. Qe2 O-O 10. Nc3 dxe5 11. dxe5 Nxc3 12. bxc3 Qc7 13. Qe4 b6 14. Bd3 g6
15. Bg5 Bxg5 16. Nxg5 Nxe5 17. Qxa8 Bb7 18. Qxa7 Ra8 19. Qxa8+ Bxa8 20. Be4 Ng4
21. g3 Bxe4 22. Nxe4 Qe5 23. f3 Ne3 24. Rf2 f5 25. Re1 Nc4 26. f4 Qg7 27. Rd1
Qf8 28. Rd4 b5 29. Ng5 h6 30. Nxe6 Qa3 31. Rd3 Qc1+ 32. Rf1 Qc2 33. Nc5 Nd2 34.
Rf2 Qb1+ 35. Kg2 Ne4 36. Rd8+ Kf7 37. Nxe4 Qxe4+ 38. Kh3 g5 39. Rfd2 Kg6 40.
fxg5 hxg5 41. R2d6+ Kf7 42. R8d7+ Ke8 43. Rd2 Qf3 44. Rd8+ Ke7 45. R2d7+ Ke6
46. Rd6+ Ke5 47. Rd1 Qxc3 48. Kg2 Qc6+ 49. R8d5+ Ke6 50. Kf2 Qc2+ 51. R5d2 Qc5+
52. Kg2 Qc6+ 53. Kg1 Qf3 54. Re1+ Kf6 55. Rf2 Qd5 56. Ref1 Qd4 57. h3 Kg6 58.
Kh2 Qd5 59. a3 f4 60. gxf4 gxf4 61. Rg2+ Kf5 62. Rg4 Qd2+ 63. Kg1 Qe3+ 64. Kg2
Qd2+ 65. Rf2 Qd5+ 66. Kh2 f3 67. Rg3 Kf4 68. h4 Qh5 69. Rfxf3+ Ke4 70. Kh3 Qh6
71. Rb3 Qe6+ 72. Rg4+ Kd5 73. Rxb5+ Kc6 74. Rbg5 Qe1 75. Rg2 Qh1+ 76. Kg3 Qe1+
77. Kg4 Qd1+ 78. Kf5 Qd3+ 79. Kg4 Qd1+ 80. Kg3 Qe1+ 81. Kh3 Qh1+ 82. Kg3 Qe1+
1/2-1/2

[Event "Fredericia Chess Kandidat 2016"]
[Site "Erritso"]
[Date "2016.05.07"]
[Round "2"]
[White "Jensen, Thore Nyboe"]
[Black "Dalsberg, Sandra de Blecourt"]
[Result "1-0"]
[WhiteElo "2058"]
[BlackElo "2096"]
[PlyCount "55"]
[EventDate "2016.??.??"]



1. e4 c5 2. Nf3 Nc6 3. Nc3 Nf6 4. Bb5 Nd4 5. a4 Qc7 6. d3 e6 7. Be3 a6 8. Bc4
Nc6 9. h3 Be7 10. O-O b6 11. Re1 Bb7 12. Bg5 d6 13. Ne2 h6 14. Bf4 g5 15. Bg3
O-O-O 16. Nc3 Nd7 17. Qd2 Rdg8 18. Nd1 g4 19. hxg4 Rxg4 20. Ne3 Rgg8 21. c3 h5
22. d4 Na5 23. b4 Nxc4 24. Nxc4 Nf6 25. e5 Ne4 26. Rxe4 Bxe4 27. exd6 Qd8 28.
dxe7 1-0

[Event "Fredericia Chess Kandidat 2016"]
[Site "Erritso"]
[Date "2016.05.07"]
[Round "2"]
[White "Jensen, Jacob Bjerre"]
[Black "Kjaergaard Jensen, Jesper"]
[Result "0-1"]
[WhiteElo "2178"]
[BlackElo "2086"]
[PlyCount "63"]
[EventDate "2016.??.??"]



1. d4 Nf6 2. c4 d6 3. Nc3 e5 4. Nf3 Nbd7 5. e4 Be7 6. Be2 c6 7. O-O Qc7 8. Be3
h6 9. b4 Nh7 10. d5 O-O 11. Qd2 Ndf6 12. h3 Bd7 13. Rfd1 a5 14. bxa5 c5 15.
Nxe5 dxe5 16. d6 Bxd6 17. Qxd6 Qxd6 18. Rxd6 Rxa5 19. f4 Bc6 20. fxe5 Nxe4 21.
Nxe4 Bxe4 22. Bg4 Re8 23. e6 Nf6 24. exf7+ Kxf7 25. Bd2 Ra3 26. Rf1 Rxa2 27.
Bh5+ Ke7 28. Rdxf6 gxf6 29. Bxe8 Rxd2 30. Re1 f5 31. Bh5 Rxg2+ 32. Kf1 0-1

[Event "Fredericia Chess Kandidat 2016"]
[Site "Erritso"]
[Date "2016.05.07"]
[Round "2"]
[White "Schuette, Andreas"]
[Black "Wilton, Lars"]
[Result "1/2-1/2"]
[WhiteElo "2170"]
[BlackElo "2110"]
[PlyCount "38"]
[EventDate "2016.??.??"]



1. d4 Nf6 2. Bg5 d5 3. e3 Nbd7 4. Nf3 c5 5. c3 Qb6 6. Qb3 e6 7. Nbd2 Bd6 8. Be2
O-O 9. O-O h6 10. Bf4 Bxf4 11. exf4 Qc7 12. Ne5 b6 13. a4 Ne4 14. Ndf3 f6 15.
Nxd7 Bxd7 16. g3 g5 17. fxg5 hxg5 18. Qd1 Rad8 19. Nd2 Be8 1/2-1/2

[Event "Fredericia Chess Kandidat 2016"]
[Site "Erritso"]
[Date "2016.05.07"]
[Round "3"]
[White "Andersen, Lars Ren"]
[Black "Wilbrandt, Simon Pil"]
[Result "1/2-1/2"]
[WhiteElo "2191"]
[BlackElo "2108"]
[PlyCount "119"]
[EventDate "2016.??.??"]



1. c4 e5 2. g3 Nf6 3. Bg2 d5 4. cxd5 Nxd5 5. Nf3 Nc6 6. Nc3 Nb6 7. O-O Be7 8.
a3 O-O 9. b4 Re8 10. d3 Bf8 11. Bb2 a5 12. b5 Nd4 13. Nd2 a4 14. e3 Ne6 15. Nc4
Nc5 16. Nxb6 cxb6 17. Bd5 Be6 18. e4 Bxd5 19. Nxd5 Ra5 20. f4 exf4 21. Rxf4 Re6
22. Qh5 Rg6 23. Raf1 f6 24. Bxf6 Qe8 25. Bc3 Bd6 26. Rh4 h6 27. e5 Bf8 28. Bxa5
bxa5 29. Rg4 Nxd3 30. Rxg6 Qxb5 31. Qf3 Bc5+ 32. Kh1 Nxe5 33. Nf6+ Kh8 34. Qg2
Nxg6 35. Ne4 Bxa3 36. Qf3 Be7 37. h4 a3 38. Ra1 Qb2 39. Qc3 Qe2 40. Re1 Qg4 41.
Qxa5 Qh3+ 42. Kg1 Qd7 43. Kh2 Qc6 44. Qh5 Bb4 45. Re2 a2 46. Rxa2 Qxe4 47. Re2
Qc6 48. Qg4 Ba3 49. Re6 Qc2+ 50. Kh3 Kh7 51. h5 Nh8 52. Rb6 Qd3 53. Rxb7 Qf1+
54. Kh2 Nf7 55. Qg6+ Kg8 56. Qe6 Bf8 57. Rd7 Qf2+ 58. Kh3 Qf3 59. Kh4 Qf1 60.
Kg4 1/2-1/2

[Event "Fredericia Chess Kandidat 2016"]
[Site "Erritso"]
[Date "2016.05.07"]
[Round "3"]
[White "Rossen, Claus"]
[Black "Jensen, Thore Nyboe"]
[Result "1-0"]
[WhiteElo "2164"]
[BlackElo "2058"]
[PlyCount "77"]
[EventDate "2016.??.??"]



1. e4 e6 2. d4 d5 3. Nc3 Bb4 4. a3 Bxc3+ 5. bxc3 dxe4 6. Qg4 Nf6 7. Qxg7 Rg8 8.
Qh6 b6 9. Bb2 Bb7 10. O-O-O Nbd7 11. h3 Qe7 12. g4 Nd5 13. Bg2 Rg6 14. Qd2 f5
15. Ne2 b5 16. Nf4 Nxf4 17. Qxf4 Qg5 18. Qxg5 Rxg5 19. Bf1 a6 20. c4 bxc4 21.
Bxc4 Rg6 22. gxf5 exf5 23. Rhg1 Nb6 24. Be2 O-O-O 25. c4 Rdg8 26. Rxg6 Rxg6 27.
d5 a5 28. Be5 Ba6 29. Bh5 Rg2 30. c5 Nc4 31. Bd4 Nxa3 32. Bf7 f4 33. Be6+ Kd8
34. Bf6+ Ke8 35. d6 Bc8 36. Bxc8 Rxf2 37. d7+ Kf7 38. Rd2 e3 39. d8=Q 1-0

[Event "Fredericia Chess Kandidat 2016"]
[Site "Erritso"]
[Date "2016.05.07"]
[Round "3"]
[White "Thogersen, Rasmus"]
[Black "Rewitz, Poul"]
[Result "1-0"]
[WhiteElo "2205"]
[BlackElo "2174"]
[PlyCount "43"]
[EventDate "2016.??.??"]



1. e4 c6 2. d4 d5 3. Nd2 Nh6 4. Ngf3 g6 5. c3 Bg7 6. Bd3 O-O 7. O-O f6 8. Re1
Nf7 9. h4 e5 10. h5 f5 11. hxg6 hxg6 12. exf5 e4 13. fxg6 Nd6 14. Ne5 exd3 15.
Qh5 Rf5 16. Qh7+ Kf8 17. Ndc4 Ne8 18. Bh6 Be6 19. Nxc6 Nxc6 20. Rxe6 Ne7 21.
Rae1 dxc4 22. Qh8+ 1-0

[Event "Fredericia Chess Kandidat 2016"]
[Site "Erritso"]
[Date "2016.05.07"]
[Round "3"]
[White "Kjaergaard Jensen, Jesper"]
[Black "Sorensen, Torben Kyhl"]
[Result "0-1"]
[WhiteElo "2086"]
[BlackElo "2176"]
[PlyCount "138"]
[EventDate "2016.??.??"]



1. d4 Nf6 2. Nf3 g6 3. Bg5 Bg7 4. Nbd2 d5 5. Bxf6 Bxf6 6. e4 dxe4 7. Nxe4 Bg7
8. Bc4 e6 9. h4 h5 10. c3 Nd7 11. Nfg5 Nb6 12. Bd3 Qe7 13. Qc2 Rh6 14. Nxf7
Qxf7 15. Ng5 Qf6 16. Rh3 Nd5 17. Rf3 Nf4 18. g3 Nxd3+ 19. Qxd3 Qe7 20. Rf7 Qxf7
21. Nxf7 Kxf7 22. Qf3+ Kg8 23. Qf4 c6 24. Qc7 Bf8 25. f4 Rh7 26. Qd8 Re7 27.
O-O-O b6 28. Re1 Bb7 29. Qd6 Kf7 30. g4 hxg4 31. h5 gxh5 32. Qe5 Ke8 33. Qxh5+
Kd7 34. Qxg4 Bh6 35. Qh4 Rh8 36. Kc2 Bg7 37. Qg5 Rf8 38. Rg1 Ba6 39. a4 Rf5 40.
Qh4 Ref7 41. Qh2 Bf8 42. Rg4 Bd6 43. Qh8 Bb7 44. Rg8 Bf8 45. Rg4 Rxf4 46. Rxf4
Rxf4 47. Qh2 Bd6 48. Qh7+ Be7 49. Qh2 Rf8 50. Qg2 Ba6 51. b3 Bf1 52. Qg3 Be2
53. a5 Bf3 54. axb6 axb6 55. Qe5 Bg4 56. b4 Bf5+ 57. Kb3 b5 58. Qe3 Bd6 59. Qe2
Rh8 60. Qg2 Rh2 61. Qg7+ Kc8 62. Qg8+ Kb7 63. Qd8 Bd3 64. c4 bxc4+ 65. Ka3 Bb1
66. Qd7+ Kb6 67. Qd8+ Bc7 68. Qb8+ Bxb8 69. d5 Ra2# 0-1

[Event "Fredericia Chess Kandidat 2016"]
[Site "Erritso"]
[Date "2016.05.07"]
[Round "3"]
[White "Wilton, Lars"]
[Black "Dalsberg, Sandra de Blecourt"]
[Result "1/2-1/2"]
[WhiteElo "2110"]
[BlackElo "2096"]
[PlyCount "95"]
[EventDate "2016.??.??"]



1. c4 c6 2. Nc3 d5 3. d4 Nf6 4. Nf3 dxc4 5. a4 Bf5 6. Ne5 Nbd7 7. Nxc4 Nb6 8.
e3 e6 9. a5 Nbd5 10. a6 Bb4 11. axb7 Rb8 12. Bd2 Rxb7 13. Ne5 O-O 14. Nxc6 Qc7
15. Nxd5 Nxd5 16. Nxb4 Nxb4 17. Bxb4 Rxb4 18. Bd3 Bxd3 19. Qxd3 Rxb2 20. O-O
Rc8 21. Qa3 Rb7 22. h3 h6 23. Rfc1 Qb8 24. Rc5 Rxc5 25. dxc5 Rb1+ 26. Rxb1
Qxb1+ 27. Kh2 Qb8+ 28. g3 Kf8 29. c6+ Ke8 30. Qc3 Qc7 31. h4 f6 32. Qc5 a5 33.
Qb5 Ke7 34. Qc5+ Ke8 35. Qc4 Ke7 36. h5 Kd6 37. Qb5 e5 38. Kg1 Qxc6 39. Qxa5
Qf3 40. Qd8+ Ke6 41. Qc8+ Kd6 42. Qf8+ Ke6 43. Qe8+ Kd6 44. Qg6 Qb7 45. g4 Ke6
46. Qf5+ Kf7 47. Qg6+ Kf8 48. Qf5 1/2-1/2

[Event "Fredericia Chess Kandidat 2016"]
[Site "Erritso"]
[Date "2016.05.07"]
[Round "3"]
[White "Jensen, Jacob Bjerre"]
[Black "Schuette, Andreas"]
[Result "0-1"]
[WhiteElo "2178"]
[BlackElo "2170"]
[PlyCount "64"]
[EventDate "2016.??.??"]



1. d4 d5 2. c4 Nc6 3. e3 e5 4. dxe5 d4 5. a3 a5 6. Nf3 Bc5 7. exd4 Bxd4 8. Be2
Nge7 9. O-O O-O 10. Nc3 Bxe5 11. Nxe5 Nxe5 12. Bf4 N7g6 13. Be3 Qh4 14. f3 Be6
15. Bf2 Qd8 16. Bc5 Re8 17. f4 Nd7 18. Bd4 Ne7 19. g4 f5 20. g5 Nc6 21. Bf2 Nb6
22. b3 Qe7 23. Qc2 a4 24. Nxa4 Nxa4 25. bxa4 Qd6 26. Qc1 Nd4 27. Bd1 c5 28. Re1
Bd7 29. Rxe8+ Rxe8 30. Rb1 Bc6 31. Rb2 Qe6 32. Bh5 Qe4 0-1

[Event "Fredericia Chess Kandidat 2016"]
[Site "Erritso"]
[Date "2016.05.08"]
[Round "4"]
[White "Wilbrandt, Simon Pil"]
[Black "Rossen, Claus"]
[Result "1-0"]
[WhiteElo "2108"]
[BlackElo "2164"]
[PlyCount "91"]
[EventDate "2016.??.??"]



1. d4 Nf6 2. c4 e6 3. Nc3 Bb4 4. f3 d5 5. a3 Bxc3+ 6. bxc3 O-O 7. e3 c5 8. cxd5
exd5 9. Bd3 Re8 10. Ne2 Nc6 11. O-O b6 12. Re1 Qe7 13. Ng3 cxd4 14. cxd4 Nxd4
15. Bxh7+ Nxh7 16. Qxd4 Qc5 17. Bb2 Qxd4 18. Bxd4 Ng5 19. Kf2 Ne6 20. Red1 Nxd4
21. Rxd4 Be6 22. Ne2 Rac8 23. Ra2 Rc4 24. Ke1 b5 25. Kd2 a5 26. Rb2 Rb8 27.
Rxc4 dxc4 28. Kc3 Kf8 29. Nd4 Bd7 30. Rd2 Ke7 31. h4 f5 32. e4 fxe4 33. Re2 Kd6
34. Rxe4 Kd5 35. Nc2 Bf5 36. Ne3+ Kc5 37. Re5+ Kd6 38. Rxf5 b4+ 39. axb4 axb4+
40. Kxc4 b3 41. Rb5 Rxb5 42. Kxb5 Ke5 43. Kb4 Kf4 44. Kxb3 Kxe3 45. h5 Kf4 46.
g4 1-0

[Event "Fredericia Chess Kandidat 2016"]
[Site "Erritso"]
[Date "2016.05.08"]
[Round "4"]
[White "Thogersen, Rasmus"]
[Black "Andersen, Lars Ren"]
[Result "1-0"]
[WhiteElo "2205"]
[BlackElo "2191"]
[PlyCount "67"]
[EventDate "2016.??.??"]



1. e4 e5 2. Nf3 Nc6 3. Bb5 a6 4. Ba4 Nf6 5. O-O b5 6. Bb3 Be7 7. a4 b4 8. d3
O-O 9. Re1 d6 10. Nbd2 Na5 11. Ba2 c5 12. Nf1 Rb8 13. Ne3 Be6 14. Bxe6 fxe6 15.
Nc4 Nc6 16. c3 h6 17. d4 exd4 18. cxd4 d5 19. exd5 exd5 20. Nce5 Nxe5 21. Nxe5
Qe8 22. dxc5 Bxc5 23. Nd3 Qc6 24. Nxc5 Qxc5 25. Be3 Qd6 26. Bd4 Rbc8 27. Qd3
Ne4 28. Bxg7 Nxf2 29. Bxf8 Rxf8 30. Qd4 Rf4 31. Re8+ Kf7 32. Qh8 Qc5 33. Qg8+
Kf6 34. Re6+ 1-0

[Event "Fredericia Chess Kandidat 2016"]
[Site "Erritso"]
[Date "2016.05.08"]
[Round "4"]
[White "Schuette, Andreas"]
[Black "Sorensen, Torben Kyhl"]
[Result "1/2-1/2"]
[WhiteElo "2170"]
[BlackElo "2176"]
[PlyCount "121"]
[EventDate "2016.??.??"]



1. d4 Nf6 2. Bg5 d5 3. e3 Nbd7 4. Nf3 g6 5. c4 Bg7 6. Nc3 c5 7. cxd5 Qa5 8. Qd2
O-O 9. Be2 cxd4 10. Nxd4 Nxd5 11. Nb3 Qxc3 12. bxc3 Bxc3 13. Qxc3 Nxc3 14. Bxe7
Re8 15. Bb4 Nxe2 16. Kxe2 b6 17. f3 Ne5 18. Bd2 Ba6+ 19. Kf2 Rac8 20. Nd4 Nd3+
21. Kg3 f5 22. a4 f4+ 23. exf4 Rc4 24. Nb3 Rc2 25. Rhd1 Re2 26. Nd4 Rcxd2 27.
Nxe2 Rxe2 28. a5 Bc4 29. axb6 axb6 30. Ra3 Re3 31. Ra7 b5 32. Rc7 Kf8 33. Ra1
Re7 34. Rc6 Rf7 35. Rd6 Nxf4 36. Kf2 Re7 37. Rf6+ Rf7 38. Rd6 g5 39. g3 Nd3+
40. Ke3 Re7+ 41. Kd2 Ne5 42. Rf6+ Rf7 43. Rxf7+ Kxf7 44. Ke3 Ke6 45. Ra7 h5 46.
f4 Ng4+ 47. Ke4 gxf4 48. gxf4 Nxh2 49. Ra6+ Kd7 50. Rh6 Nf1 51. Ke5 b4 52. Rd6+
Ke7 53. f5 b3 54. Rb6 Ne3 55. Kd4 Nd5 56. Rb7+ Kf6 57. Kxc4 Ne3+ 58. Kd3 Nxf5
59. Rxb3 Kg5 60. Rb5 Kf4 61. Rxf5+ 1/2-1/2

[Event "Fredericia Chess Kandidat 2016"]
[Site "Erritso"]
[Date "2016.05.08"]
[Round "4"]
[White "Rewitz, Poul"]
[Black "Jensen, Thore Nyboe"]
[Result "1-0"]
[WhiteElo "2174"]
[BlackElo "2058"]
[PlyCount "74"]
[EventDate "2016.??.??"]



1. g3 e5 2. c3 d5 3. d4 e4 4. Bg2 c6 5. c4 Nf6 6. Nc3 h6 7. Nh3 Na6 8. Bf4 Bd6
9. cxd5 cxd5 10. Qb3 Nc7 11. e3 O-O 12. Bxd6 Qxd6 13. Nf4 b6 14. O-O Ba6 15.
Rfc1 g5 16. Nfe2 Bd3 17. Qd1 Ne6 18. f3 g4 19. fxg4 Nxg4 20. Qd2 f5 21. Rf1 h5
22. h3 Nh6 23. Rf2 Kh7 24. Raf1 Rad8 25. Kh1 b5 26. b4 a6 27. Rg1 Qxb4 28. Nxe4
Qa3 29. Nf4 fxe4 30. Nxe6 Rxf2 31. Qxf2 Rg8 32. Qf6 Bc4 33. Ng5+ Rxg5 34. Qxg5
a5 35. g4 hxg4 36. hxg4 Qxa2 37. Qe7+ Kh8 1-0

[Event "Fredericia Chess Kandidat 2016"]
[Site "Erritso"]
[Date "2016.05.08"]
[Round "4"]
[White "Dalsberg, Sandra de Blecourt"]
[Black "Kjaergaard Jensen, Jesper"]
[Result "1-0"]
[WhiteElo "2096"]
[BlackElo "2086"]
[PlyCount "95"]
[EventDate "2016.??.??"]



1. d4 Nf6 2. c4 d6 3. Nc3 e5 4. Nf3 Nbd7 5. Bg5 Be7 6. e3 c6 7. Qc2 Qc7 8.
O-O-O Nf8 9. c5 Ng6 10. cxd6 Bxd6 11. Bxf6 gxf6 12. Ne4 Be7 13. d5 Qa5 14. d6
Bd8 15. d7+ Bxd7 16. Nd6+ Ke7 17. Bc4 Be6 18. Nxb7 Qb6 19. Bxe6 fxe6 20. Nc5
Kf7 21. Rd7+ Be7 22. Rb7 Qa5 23. Qc4 Rhd8 24. Nxe6 Rd5 25. e4 Kxe6 26. Qxc6+
Rd6 27. Qc4+ Rd5 28. Qxd5+ Qxd5 29. exd5+ Kxd5 30. Rd1+ Ke6 31. Rdd7 Bc5 32.
Rxh7 Bxf2 33. Nd2 Rd8 34. Kc2 f5 35. Rhc7 Rd6 36. Nc4 Ra6 37. a3 f4 38. Kd2 Bd4
39. Ke2 Nh4 40. Rh7 Nf5 41. Nd2 Nd6 42. Rh6+ Kd5 43. Rd7 Bxb2 44. Rdxd6+ Rxd6
45. Rxd6+ Kxd6 46. Nc4+ Kc5 47. Nxb2 Kd4 48. Nd3 1-0

[Event "Fredericia Chess Kandidat 2016"]
[Site "Erritso"]
[Date "2016.05.08"]
[Round "4"]
[White "Wilton, Lars"]
[Black "Jensen, Jacob Bjerre"]
[Result "0-1"]
[WhiteElo "2110"]
[BlackElo "2178"]
[PlyCount "102"]
[EventDate "2016.??.??"]



1. a3 g6 2. g3 Bg7 3. Bg2 f5 4. d4 Nf6 5. Nf3 O-O 6. O-O d6 7. c4 Qe8 8. b4 e5
9. dxe5 dxe5 10. Bb2 e4 11. Nd4 Nc6 12. Nxc6 Qxc6 13. Nd2 Be6 14. Qc2 a5 15. b5
Qc5 16. Rac1 a4 17. Nb1 Rf7 18. Rfd1 Ng4 19. e3 Bxb2 20. Qxb2 Ne5 21. Qd4 b6
22. Qxc5 bxc5 23. Bf1 Rff8 24. Be2 Rfd8 25. Kf1 Rxd1+ 26. Rxd1 Kf8 27. Ke1 Ke7
28. h3 Bxc4 29. Bxc4 Nxc4 30. Rd5 Nb2 31. Kd2 Rd8 32. Rxd8 Kxd8 33. Nc3 Nc4+
34. Kc1 Nxa3 35. Nxa4 Nxb5 36. Nxc5 Ke7 37. Kc2 Kd6 38. Nb7+ Ke5 39. Kb3 Nd6
40. Nc5 Kf6 41. Na6 c6 42. Nb8 Nf7 43. Nxc6 Ng5 44. Nd4 Nxh3 45. f4 exf3 46.
Nxf3 Ng5 47. Nd2 Ne4 48. Nf1 Kg5 49. Kc4 Kg4 50. Kd4 Kf3 51. g4 Kxg4 0-1

[Event "Fredericia Chess Kandidat 2016"]
[Site "Erritso"]
[Date "2016.05.08"]
[Round "5"]
[White "Thogersen, Rasmus"]
[Black "Wilbrandt, Simon Pil"]
[Result "0-1"]
[WhiteElo "2205"]
[BlackElo "2108"]
[PlyCount "84"]
[EventDate "2016.??.??"]



1. e4 c5 2. Nf3 Nc6 3. d4 cxd4 4. Nxd4 Nf6 5. Nc3 e5 6. Ndb5 d6 7. Bg5 a6 8.
Na3 b5 9. Nd5 Be7 10. Bxf6 Bxf6 11. c3 O-O 12. Nc2 Bg5 13. a4 bxa4 14. Rxa4 a5
15. Bc4 Rb8 16. b3 Kh8 17. Nce3 g6 18. h4 Bxh4 19. g3 Bg5 20. f4 exf4 21. gxf4
Bh4+ 22. Kd2 f5 23. Bd3 Bf2 24. exf5 Bxe3+ 25. Nxe3 Bxf5 26. Nxf5 gxf5 27. Qh5
Qd7 28. Rc4 Rb6 29. Kc2 Qf7 30. Qh6 Ne7 31. Re1 Ng6 32. Rg1 Rfb8 33. Rg5 Rxb3
34. Rxf5 Qb7 35. Qh3 Ra3 36. Kd2 Ra2+ 37. Ke3 Re8+ 38. Kd4 Qg7+ 39. Kd5 Ne7+
40. Kxd6 Nxf5+ 41. Qxf5 Rd8+ 42. Kc6 Qh6+ 0-1